000 00594nam a2200193Ia 4500
005 20260114185717.0
008 008 260114s9999 xx 000 0 eng d
020 _a9780755626014
037 _aEBOOK
040 _aCRL
_beng
_cCRL
041 _aeng
_2eng
084 _qCRL
100 _aDavid Dutton
_9873443
245 4 _aThe Politics of Diplomacy Britain, France and the Balkans in the First World War
260 _bBloomsbury
_c1998
856 _uhttps://doi.org/10.5040/9780755626014?locatt=label:secondary_bloomsburyCollections
942 _cEBOOK
999 _c1472391
_d1472391